Watch this space (Record no. 84885)

MARC details
000 -LEADER
fixed length control field 00736cam a22002295a 4500
001 - CONTROL NUMBER
control field L159636
008 - FIXED-LENGTH DATA ELEMENTS--GENERAL INFORMATION
fixed length control field 150226s2017 xxk f 000 0 eng d
035 ## - SYSTEM CONTROL NUMBER
System control number (Sirsi) u159636
041 0# - LANGUAGE CODE
Language code of text/sound track or separate title eng
100 1# - MAIN ENTRY--PERSONAL NAME
Personal name Branson, Adam
245 00 - TITLE STATEMENT
Title Watch this space
260 ## - PUBLICATION, DISTRIBUTION, ETC.
Date of publication, distribution, etc. 2017
490 ## - SERIES STATEMENT
Series statement Modus
Volume/sequential designation October 2017, 20-23 (4)
520 ## - SUMMARY, ETC.
Summary, etc. Looks at the adaptive reuse of the multistorey carparks. Refers to JLL research report 'Car Parks to Residential: Driving Innovation', and the OECD study, 'Urban Mobility System Upgrade'.
590 ## - LOCAL NOTE (RLIN)
Local note KA
650 24 - SUBJECT ADDED ENTRY--TOPICAL TERM
Topical term or geographic name entry element MULTISTOREY CARPARKS
650 24 - SUBJECT ADDED ENTRY--TOPICAL TERM
Topical term or geographic name entry element REUSE
650 24 - SUBJECT ADDED ENTRY--TOPICAL TERM
Topical term or geographic name entry element Residential property
9 (RLIN) 6266
651 #4 - SUBJECT ADDED ENTRY--GEOGRAPHIC NAME
Geographic name International
690 ## - LOCAL SUBJECT ADDED ENTRY--TOPICAL TERM (OCLC, RLIN)
Topical term or geographic name as entry element Planning and development
9 (RLIN) 6259
942 ## - ADDED ENTRY ELEMENTS (KOHA)
Suppress in OPAC 0
Source of classification or shelving scheme Dewey Decimal Classification
Holdings
Withdrawn status Lost status Source of classification or shelving scheme Damaged status Not for loan Home library Current library Shelving location Date acquired Total Checkouts Full call number Barcode Date last seen Copy number Price effective from Koha item type
    Dewey Decimal Classification     London London Journal article 01/12/2017   L159636 159636-2001 06/08/2019 1 06/08/2019 Journal article